Jeux-vidéo des années 1990 en image - Statistiques

Statistiques générales
  • Ce quiz a été pris 105 fois
  • Le résultat moyen est 11 sur 18
Statistiques - réponses
Par images Réponse % Correct
Street Fighter II
95%
Rayman
92%
Super Mario 64
84%
Tomb Raider
82%
FIFA International Soccer
76%
Doom
70%
Super Smash Bros.
69%
Pokémon Rouge, Vert et Bleu
68%
Final Fantasy VII
56%
F-Zero
52%
Sonic the Hedgehog 2
50%
Banjo-Kazooie
49%
Star Wing
49%
The Legend of Zelda: A Link to the Past
38%
Diablo
35%
Half-Life
35%
EarthBound
33%
StarCraft
26%
Aucun quiz correspondant
Distribution des résultats
% des personnes avec chaque résultat
Percentile par nombre de réponses
Votre historique - résultats
Vous n’avez pas pris ce quiz